ស្ដាប់សំឡេងសត្វ / (Record no. 1267)

MARC details
000 -LEADER
fixed length control field 01217nam a22002777a 4500
005 - DATE AND TIME OF LATEST TRANSACTION
control field 20250901161908.0
020 ## - INTERNATIONAL STANDARD BOOK NUMBER
International Standard Book Number 9789996305443
040 ## - CATALOGING SOURCE
Original cataloging agency FISKH
Language of cataloging eng
Transcribing agency FISKH
Modifying agency FISKH
082 ## - DEWEY DECIMAL CLASSIFICATION NUMBER
Classification number 591.59
100 ## - MAIN ENTRY--PERSONAL NAME
Personal name Visoth, Seng
245 ## - TITLE STATEMENT
Title ស្ដាប់សំឡេងសត្វ /
Statement of responsibility, etc. សេង វិសុទ្ធ
250 ## - EDITION STATEMENT
Edition statement បោះពុម្ពលើកទី ៦ វិច្ឆិកា ២០២១​
260 ## - PUBLICATION, DISTRIBUTION, ETC.
Place of publication, distribution, etc. Phnom Penh :
Name of publisher, distributor, etc. Sipar,
Date of publication, distribution, etc. 2021.
300 ## - PHYSICAL DESCRIPTION
Extent 20 pages :
Other physical details color illustrations ;
Dimensions 17 cm
490 ## - SERIES STATEMENT
Series statement តស់រៀន​!
505 ## - FORMATTED CONTENTS NOTE
Formatted contents note C <br/>
520 ## - SUMMARY, ETC.
Summary, etc. ណែនាំឱ្យកុមារតូចបានស្គាល់អំពីសំឡេងសត្វដែលមានលក្ខណៈខុសៗគ្នាអមជាមួយរូបភាពពណ៍ផងដែរ។
520 ## - SUMMARY, ETC.
Summary, etc. The different sound of animals with painted pictures are introduced to young children.
521 ## - TARGET AUDIENCE NOTE
Target audience note 100 <br/><br/>
Source Lexile estimate
521 ## - TARGET AUDIENCE NOTE
Target audience note C <br/>
Source Raz-Plus <br/>
650 ## - SUBJECT ADDED ENTRY--TOPICAL TERM
Topical term or geographic name entry element សត្វ
Form subdivision សំឡេង
General subdivision រូបភាព
650 ## - SUBJECT ADDED ENTRY--TOPICAL TERM
Topical term or geographic name entry element Animals
Form subdivision Sound
General subdivision Pictures
700 ## - ADDED ENTRY--PERSONAL NAME
Personal name Visoth, Seng
Titles and other words associated with a name illustrator
942 ## - ADDED ENTRY ELEMENTS (KOHA)
Source of classification or shelving scheme Dewey Decimal Classification
Koha item type Books
Suppress in OPAC No
999 ## -
-- 1267
-- 1267
Holdings
Withdrawn status Lost status Source of classification or shelving scheme Damaged status Not for loan Collection Home library Current library Shelving location Date acquired Total Checkouts Full call number Barcode Date last seen Copy number Price effective from Koha item type Date last checked out Total Renewals
    Dewey Decimal Classification     Khmer Language Books / សៀវភៅភាសាខ្មែរ Footprints International School Library Network Toul Kork Campus Footprints International School Library Network Toul Kork Campus TK Campus, Room B402, Khmer Book Case 16, Shelves 112-123 / ទូរសៀវភៅខ្មែរលេខ ១៦​ ធ្នើរ ១១២ ដល់ ១២៣ បន្ទប់ B402 សាខាទួលគោក 08/10/2023   VIS 591.59 2023-0227 08/10/2023 1 08/10/2023 Khmer Books    
    Dewey Decimal Classification     Khmer Language Books / សៀវភៅភាសាខ្មែរ Footprints International School Library Network Toul Kork Campus Footprints International School Library Network Toul Kork Campus TK Campus, Room B402, Khmer Book Case 16, Shelves 112-123 / ទូរសៀវភៅខ្មែរលេខ ១៦​ ធ្នើរ ១១២ ដល់ ១២៣ បន្ទប់ B402 សាខាទួលគោក 08/10/2023   VIS 591.59 2023-0228 08/10/2023 2 08/10/2023 Khmer Books    
    Dewey Decimal Classification     Khmer Language Books / សៀវភៅភាសាខ្មែរ Footprints International School Library Network Toul Kork Campus Footprints International School Library Network Toul Kork Campus TK Campus, Room B402, Khmer Book Case 16, Shelves 112-123 / ទូរសៀវភៅខ្មែរលេខ ១៦​ ធ្នើរ ១១២ ដល់ ១២៣ បន្ទប់ B402 សាខាទួលគោក 08/10/2023   VIS 591.59 FISTK04003 10/10/2023 3 08/10/2023 Khmer Books    
    Dewey Decimal Classification     Khmer Language Books / សៀវភៅភាសាខ្មែរ Footprints International School Library Network Toul Kork Campus Footprints International School Library Network Toul Kork Campus TK Old Khmer Books (Rear Hallway Shelf 3) 03/07/2024 1 VIS 591.59 FISTKKA126 11/13/2025 4 03/07/2024 Khmer Books 08/22/2025  
    Dewey Decimal Classification     Khmer Language Books / សៀវភៅភាសាខ្មែរ Footprints International School Library Network Toul Kork Campus Footprints International School Library Network Toul Kork Campus TK Old Khmer Books (Rear Hallway Shelf 3) 03/07/2024 1 VIS 591.59 FISBK072220 09/29/2025 5 03/07/2024 Khmer Books 06/30/2025  
    Dewey Decimal Classification     Khmer Language Books / សៀវភៅភាសាខ្មែរ Footprints International School Library Network Toul Kork Campus Footprints International School Library Network Toul Kork Campus TK Old Khmer Books (Rear Hallway Shelf 3) 06/27/2024   VIS 591.59 FISTK02867 06/27/2024 7 06/27/2024 Khmer Books    
    Dewey Decimal Classification     Khmer Language Books / សៀវភៅភាសាខ្មែរ Footprints International School Library Network Toul Kork Campus Footprints International School Library Network Toul Kork Campus TK Old Khmer Books (Rear Hallway Shelf 3) 06/27/2024 1 VIS 591.59 FISTKG1B003 08/29/2025 8 06/27/2024 Khmer Books 08/07/2025  
    Dewey Decimal Classification     Khmer Language Books / សៀវភៅភាសាខ្មែរ Footprints International School Library Network Toul Tom Poung Campus Footprints International School Library Network Toul Tom Poung Campus TTP Primary Khmer Bookshelves 03/07/2024 2 VIS 591.59 FISTKKB110 12/01/2025 6 03/07/2024 Khmer Books 11/10/2025 1
    Dewey Decimal Classification     Khmer Language Books / សៀវភៅភាសាខ្មែរ Footprints International School Library Network Toul Tom Poung Campus Footprints International School Library Network Toul Tom Poung Campus TTP Primary Khmer Bookshelves 10/03/2025   VIS 591.59 FISBK072709 10/03/2025 9 10/03/2025 Khmer Books